000 01261nam0a22002531 4500
001 rc\339798
005 20250621045033.0
035 _a(NLR Aleph) 005581902
090 _a6121146
_c6121146
100 _a20030307d1989 |||y0rusy50 ca
101 0 _arus
102 _aRU
105 _aa |||||||||
200 1 _aПОДСИСТЕМА проектирования антенн на телах вращения
_eУчеб. пособие по курсу "Автоматизация проектирования устройств СВЧ и антенн"
_fЕ.Н. Васильев, А.И. Гореликов, П.В. Соловьев, А.А. Фалунин
_gРед. А.Р. Серегина
_gГос. ком. по нар. образованию СССР, Моск. энерг. ин-т. [Каф. антен. устройств и распространения радиоволн]
210 _aМ.
_cМЭИ
_d1989
215 _a116 с.
_cил.
_d20
320 _aБиблиогр.: с. 84
701 1 _aВасильев
_bЕ.Н.
_gЕвгений Николаевич
702 1 _aСерегина
_bА.Р.
_gАлександра Родионовна
_4340
801 0 _aRU
_bNLR
_gpsbo
801 1 _aRU
_bELAR
_2rusmarc
852 _aNLR
_j90-3/2723
942 _cBOOK
980 _aNB